Traduction en Espagnol - Thème Anatomie - Statistiques

Statistiques générales
  • Ce quiz a été pris 14 fois
  • Le résultat moyen est 47 sur 148
Statistiques - réponses
Français Espagnol % Correct
Doigt Dedo
85%
Œil Ojo
85%
Bras Brazo
77%
Cœur Corazón
77%
Corps Cuerpo
77%
Estomac Estómago
77%
Bouche Boca
69%
Dent Diente
69%
Main Mano
69%
Nez Nariz
69%
Pied Pie
69%
Peau Piel
69%
Abdomen Abdomen
62%
Articulation Articulación
62%
Barbe Barba
62%
Tête Cabeza
62%
Cellule Célula
62%
Cou Cuello
62%
Oreille Oreja
62%
ADN ADN
54%
Aorte Aorta
54%
Cerveau Cerebro
54%
Coude Codo
54%
Côlon Colon
54%
Dos Espalda
54%
Langue Lengua
54%
Jambes Piernas
54%
Poumon Pulmón
54%
Ongle Uña
54%
Adducteurs Aductores
46%
Anus Ano
46%
Anticorps Anticuerpo
46%
Biceps Bíceps
46%
Chair Carne
46%
Cartilage Cartílago
46%
Fémur Fémur
46%
Front Frente
46%
Poignet Muñeca
46%
Sang Sangre
46%
Abdominaux Abdominales
38%
Avant-bras Antebrazo
38%
Artère Arteria
38%
Moustache Bigote
38%
Cheveux Cabello
38%
Cervicale Cervical
38%
Clitoris Clítoris
38%
Colonne vertébrale Columna vertebral
38%
Côtes Costillas
38%
Squelette Esqueleto
38%
Gorge Garganta
38%
Intestins Intestinos
38%
Ligament Ligamento
38%
Membre Miembro
38%
Nerf Nervio
38%
Ovaires Ovarios
38%
Prostate Próstata
38%
Rétine Retina
38%
Genou Rodilla
38%
Tibias Tibias
38%
Vagin Vagina
38%
Vertèbre Vértebra
38%
Annulaire Anular
31%
Aisselle Axila
31%
Face Cara
31%
Clavicule Clavícula
31%
Cornée Córnea
31%
Crâne Cráneo
31%
Globules blancs Glóbulos blancos
31%
Globules rouges Glóbulos rojos
31%
Foie Hígado
31%
Épaule Hombro
31%
Os Hueso
31%
Lèvre Labio
31%
Larme Lágrima
31%
Muscle Músculo
31%
Paume Palma
31%
Pancréas Páncreas
31%
Pectoraux Pectorales
31%
Périnée Perineo
31%
Pouce Pulgar
31%
Pouls Pulso
31%
Rectum Recto
31%
Rotule Rótula
31%
Salive Saliva
31%
Talon Talón
31%
Cheville Tobillo
31%
Triceps Tríceps
31%
Amygdale Amígdala
23%
Appendice Apéndice
23%
Hanche Cadera
23%
Doigt de pied / Orteil Dedo del pie
23%
Phalange Falange
23%
Lombaire Lumbar
23%
Cuisse Muslo
23%
Poitrine Pecho
23%
Cils Pestañas
23%
Plante du pied Planta del pie
23%
Poing Puño
23%
Testicules Testículos
23%
Torse Torso
23%
Utérus Útero
23%
Veines Venas
23%
Vésicule biliaire Vesícula biliar
23%
Coccyx Coxis
15%
Index Índice
15%
Ischio-jambier Isquiotibial
15%
Mâchoire Mandíbula
15%
Moelle épinière Médula espinal
15%
Moelle osseuse Médula ósea
15%
Joue Mejilla
15%
Molaires Molares
15%
Fesse Nalga
15%
Neurone Neurona
15%
Paupière Párpado
15%
Bassin Pelvis
15%
Pénis Pene
15%
Reins Riñones
15%
Tendon Tendón
15%
Tendon d'Achille Tendón de Aquiles
15%
Tympan Tímpano
15%
Ventre Vientre
15%
Menton Barbilla
8%
Rate Bazo
8%
Côte flottante Costilla flotante
8%
Œsophage Esófago
8%
Pharynx Faringe
8%
Aine Ingle
8%
Intestin grêle Intestino delgado
8%
Larynx Laringe
8%
Auriculaire Meñique
8%
Omoplate Omóplato
8%
Tâches de rousseurs Pecas
8%
Mamelon / Têton Pezón
8%
Sperme Semen
8%
Vaisseau sanguin Vaso sanguíneo
8%
Vessie Vejiga
8%
Ride Arruga
0%
Taille Cintura
0%
Majeur Dedo medio
0%
Gencive Encía
0%
Sourcils Eyebrows Cejas
0%
Narine Fosa nasal
0%
Grain de beauté Lunar
0%
Nombril Ombligo
0%
Mollet Pantorrilla
0%
Bas du dos Parte baja de la espalda
0%
Tempe Sien
0%
Transpiration Sudor
0%
Aucun quiz correspondant
Distribution des résultats
% des personnes avec chaque résultat
Percentile par nombre de réponses
Votre historique - résultats
Vous n’avez pas pris ce quiz